| 000 | 00785nam a2200313Ia 4500 | ||
|---|---|---|---|
| 001 | 5255 | ||
| 005 | 20240113233824.0 | ||
| 007 | ta | ||
| 008 | 050617s1971 a g b000 u hin u | ||
| 020 | _cRs 15.00 (HB) | ||
| 040 | _aCotton College Assam | ||
| 041 | _ahin | ||
| 082 |
_a891.433 _bC 392 B |
||
| 100 | _aChatursen, Acharya. | ||
| 245 | 0 |
_aVayam Rakshamah / _cAcharya Chatursen. _hTextual Documents |
|
| 250 | _a3rd ed / | ||
| 260 |
_aDelhi : _bRajpal & Sons , _c1971. |
||
| 300 |
_a528p. : _bill. ; _c18cm. . |
||
| 365 | _aRs 15.00 | ||
| 653 | _aHindi novel | ||
| 653 | _aHindi fiction | ||
| 653 | _aGen-Hindi | ||
| 653 | _aT/G-Hindi | ||
| 942 |
_2ddc _cBK |
||
| 999 |
_c5242 _d5242 |
||